|
|
|
|
| LEADER |
00000naa a2200000 a 4500 |
| 001 |
vtls011846888 |
| 003 |
SK-MaSNL |
| 005 |
20260302133548.0 |
| 008 |
210910|1999 xo |||||||||||||||||slo| |
| 015 |
|
|
|a SNBCL
|
| 035 |
|
|
|a (urnnbn)urn:nbn:sk:snk:ar-008r52
|
| 035 |
|
|
|a urn:nbn:sk:snk-aaw2ux
|
| 035 |
|
|
|a (uuid)883857b3-22be-462c-a521-92723ae8d190
|
| 040 |
|
|
|a SNKBUCL
|b slo
|c SNKBUCL
|e AACR2
|
| 041 |
|
|
|a slo
|
| 044 |
|
|
|a xo
|c SK
|
| 100 |
1 |
|
|a Dianiška, Samuel
|4 aut
|9 809587
|
| 245 |
1 |
0 |
|a PILOTNÝ PROJEKT PRÍSTUPOVEJ ŠIROKOPÁSMOVEJ SIETE
|c Samuel Dianiška
|
| 336 |
|
|
|a text
|b txt
|c rdacontent
|
| 337 |
|
|
|a bez média
|b n
|c rdamedia
|
| 338 |
|
|
|a zväzok
|b nc
|c rdacarrier
|
| 655 |
|
7 |
|a články zo zborníkov
|2 snkbucl
|9 166140
|
| 773 |
0 |
|
|t 5. medzinárodné sympózium o ATM
|d Bratislava : Adapt, 1999
|g S. 10-13
|z 8096804251
|
| 958 |
|
|
|a OND
|
| 958 |
|
|
|a article26
|
| 958 |
|
|
|a chapter
|
| 999 |
|
|
|c 1317469
|d 1319399
|